| 000 | 00433nam a22001457a 4500 | ||
|---|---|---|---|
| 999 |
_c8134 _d8134 |
||
| 003 | OSt | ||
| 005 | 20230419123536.0 | ||
| 008 | 230419b ||||| |||| 00| 0 eng d | ||
| 040 |
_aMUST _cMUST |
||
| 082 | _22ed. | ||
| 245 |
_aThe Art of Designing Embedded Systems _cThe Art of Designing Embedded Systems |
||
| 300 |
_aiii,298p. _bill _c25cm. |
||
| 440 |
_aThe Art of Designing Embedded Systems _x9780750686440 _916625 |
||
| 942 |
_2z _cBOOK |
||